| 000 | nam a22 7a 4500 | ||
|---|---|---|---|
| 999 |
_c150509 _d150507 |
||
| 005 | 20190820135300.0 | ||
| 008 | 190820b ag ||||| |||| 00| 0 spa d | ||
| 020 | _a9879557271 | ||
| 050 | 0 | 4 |
_aKHA4370 _bN47 1999 |
| 100 | 1 | _aNespral, Bernardo. | |
| 245 | 1 | 0 |
_aDerecho de la información _b: periodismo, deberes y responsabilidades _c/ Bernardo Nespral ; prólogo de Dario Villarruel. |
| 250 | _a1a ed. | ||
| 260 |
_aBuenos Aires, Argentina : _bB de F, Julio César Faira Editor, _c1999. |
||
| 300 |
_axx, 362 p. ; _c23 cm. |
||
| 504 | _aBibliografía : p. 355-362. | ||
| 650 | 7 |
_2lemb _aLibertad de información _zArgentina |
|
| 650 | 4 |
_aPeriodistas _xCondiciones jurídicas _zArgentina |
|
| 650 | 7 |
_2lemb _aPrensa _xLegislación _zArgentina |
|
| 700 | 1 |
_aVillarruel, Dario, _eprologuista |
|
| 942 |
_2lcc _cLIB |
||